NÁVRH KVÓTY PRODUKCIE MLIEKA PRE SR DO ROKU 2005

Bibliographic Details
Main Authors: Nádašský, Stanislav (Author), Škurla, J. (Author), Štefunko, J. (Author)
Format: Article
Language:Slovak

MARC

LEADER 00000nab a2200000 a 4500
001 vtls010717794
003 SK-MaSNL
005 20260304185648.0
008 250709s1995 xo |||||||||||||||||slo|
035 |a (urnnbn)urn:nbn:sk:snk:ar-a04oir 
035 |a (uuid)b29e3252-841d-4675-bfb3-19571b253fdb 
035 |a urn:nbn:sk:snk-ab3jha 
040 |a SNKBUCL  |b slo  |c SNKBUCL  |e AACR2 
041 0 |a slo 
044 |a xo  |c SK 
100 1 |a Nádašský, Stanislav  |4 aut  |9 11304 
245 1 0 |a NÁVRH KVÓTY PRODUKCIE MLIEKA PRE SR DO ROKU 2005  |c S. Nádašský, J. Škurla, J. Štefunko 
700 1 |a Škurla, J.  |4 aut  |9 1520192 
700 1 |a Štefunko, J.  |4 aut  |9 790354 
773 0 |t Mliekarstvo : bulletin pre internú potrebu výrobcov a spracovateľov mlieka  |g Roč. 26, č. 4 (1995), s. 3-4 
850 |a Slovenská národná knižnica 
852 |a Slovenská národná knižnica 
954 |a odborná, vedecká literatúra pôvodná (slovenská)  |2 lita 
958 |a article1 
958 |a OND 
958 |a EUIPO 
999 |c 3045192  |d 3047122